LDR 00880naa#a2200169#i#450# 001 RU\INFRA-M\bibl\122807 005 20260513164828.3 011 ## _a1998-0701 100 ## _a20260430b2026####ek#y0rusy0150####ca 102 ## _aRU 200 1# _aСтруктура и содержание баланса исламского банка в целях раскрытия сущности исламской банковской системы _eЖурнальная статья 210 1# _aМосква _cОбщество с ограниченной ответственностью «Научно-издательский центр ИНФРА-М» _d2026 215 ## _a5 с. 608 ## _aЖурнальная статья _2local 675 ## _aРегиональная экономика. Территориальная экономика. 332.1 _z 700 #1 _aХаракоз _gЮ. К. 856 4# _anaukaru.ru _u